Little bets (Record no. 5387)

MARC details
000 -CABECERA
campo de control de longitud fija 02284cam a2200349 a 4500
001 - NÚMERO DE CONTROL
campo de control 991105846167006196
005 - FECHA Y HORA DE LA ÚLTIMA TRANSACCIÓN
campo de control 20260305145515.0
008 - DATOS DE LONGITUD FIJA--INFORMACIÓN GENERAL
campo de control de longitud fija 101122s2011 nyua b 001 0 eng
010 ## - NÚMERO DE CONTROL DE LA BIBLIOTECA DEL CONGRESO
Número de control de LC 2010046641
020 ## - NÚMERO INTERNACIONAL ESTÁNDAR DEL LIBRO
Número Internacional Estándar del Libro 9781439170427 (hardcover : alk. paper)
020 ## - NÚMERO INTERNACIONAL ESTÁNDAR DEL LIBRO
Número Internacional Estándar del Libro 1439170428 (hardcover : alk. paper)
020 ## - NÚMERO INTERNACIONAL ESTÁNDAR DEL LIBRO
ISBN cancelado o inválido 9781439170441 (ebook)
020 ## - NÚMERO INTERNACIONAL ESTÁNDAR DEL LIBRO
ISBN cancelado o inválido 1439170444 (ebook)
020 ## - NÚMERO INTERNACIONAL ESTÁNDAR DEL LIBRO
Número Internacional Estándar del Libro 9781439170434 (pbk. : alk. paper)
020 ## - NÚMERO INTERNACIONAL ESTÁNDAR DEL LIBRO
Número Internacional Estándar del Libro 1439170436 (pbk. : alk. paper)
035 ## - NÚMERO DE CONTROL DEL SISTEMA
Número de control de sistema (UTL)8293565-01utoronto_inst
035 ## - NÚMERO DE CONTROL DEL SISTEMA
Número de control de sistema (SIRSI)8293565
035 ## - NÚMERO DE CONTROL DEL SISTEMA
Número de control de sistema (OCoLC)646113003
040 ## - FUENTE DE LA CATALOGACIÓN
Centro catalogador/agencia de origen DLC
Centro/agencia transcriptor DLC
Centro/agencia modificador YDX
-- BTCTA
-- YDXCP
-- UPZ
-- ORX
-- VP@
-- BWX
-- CDX
-- IHV
-- MLY
-- BDX
041 ## - CÓDIGO DE LENGUA
Código de lengua del texto/banda sonora o título independiente English
050 00 - SIGNATURA TOPOGRÁFICA DE LA BIBLIOTECA DEL CONGRESO
Número de clasificación HF5386
Número de documento/Ítem .S546 2011
100 ## - ENTRADA PRINCIPAL--NOMBRE DE PERSONA
Nombre de persona Sims, Peter - (Peter E.)
Forma completa/desarrollada del nombre (Peter E.)
245 10 - MENCIÓN DE TÍTULO
Título Little bets
Resto del título : how breakthrough ideas emerge from small discoveries
Mención de responsabilidad, etc. / Peter Sims.
260 ## - PUBLICACIÓN, DISTRIBUCIÓN, ETC.
Lugar de publicación, distribución, etc. New York :
Nombre del editor, distribuidor, etc. Free Press,
Fecha de publicación, distribución, etc. 2011.
300 ## - DESCRIPCIÓN FÍSICA
Extensión vii, 213 p. :
Otras características físicas illustrations,
Dimensiones 24 cm.
504 ## - NOTA DE BIBLIOGRAFÍA, ETC.
Nota de bibliografía, etc. Includes bibliographical references and index.
505 0# - NOTA DE CONTENIDO CON FORMATO
Nota de contenido con formato Big bets versus little bets — The growth mind-set — Failing quickly to learn fast — The genius of play — Problems are the new solutions — Questions are the new answers — Learning a little from a lot — Learning a lot from a little — Small wins — Conclusion.
520 ## - SUMARIO, ETC.
Sumario, etc. How did Pixar go from producing CAT scan images to winning Oscars?<br/><br/>How did Steve Jobs turn Apple into a world-beating company?<br/><br/>How does Amazon's culture encourage innovation?<br/><br/>How can you find the creative solutions demanded by our ever-changing world?<br/><br/>The answer, according to renowned business thought-leader Peter Sims, is LITTLE BETS. In these fast-moving times, it's next to impossible to predict what's around the corner, and harder still to formulate a foolproof plan to deal with it. Truly innovative companies, Sims argues, don't get caught up in projections and predictions. Instead, they embrace uncertainty, take a chance, fail quickly and learn fast.<br/><br/>This method has formulated thousands of modern advances, from Google's PageRank to Starbucks coffee shops - if you harness its power, what could you achieve?
650 #0 - PUNTO DE ACCESO ADICIONAL DE MATERIA--TÉRMINO DE MATERIA
Término de materia o nombre geográfico como elemento de entrada Success in business
9 (RLIN) 1506
650 #0 - PUNTO DE ACCESO ADICIONAL DE MATERIA--TÉRMINO DE MATERIA
Término de materia o nombre geográfico como elemento de entrada Creative ability
9 (RLIN) 7047
942 ## - ELEMENTOS DE ENTRADA AGREGADA (KOHA)
Fuente del sistema de clasificación o colocación Clasificación de Library of Congress
Holdings
Estado de retiro Estado de pérdida Fuente del sistema de clasificación o colocación Estado dañado No para préstamo Biblioteca de origen Biblioteca actual Fecha de adquisición Total de préstamos Fecha visto por última vez Número de copia Precio válido a partir de Tipo de ítem Koha Nota pública
    Clasificación de Library of Congress     TBS Barcelona TBS Barcelona 05/03/2026   05/03/2026 2 05/03/2026 Book SOON AVAILABLE

Powered by Koha